Polytopia Tribes - Statistics

General Stats
  • This quiz has been taken 19 times
  • The average score is 14 of 16
Answer Stats
Skill Tribe % Correct
Hunting Bardur
100%
Special Aquatic Mobility Aquarion
93%
Organization Imperius
93%
Fishing Kickoo
93%
Meditation Ai-Mo
87%
Riding Oumaji
87%
Special Frostwork Polaris
87%
Climbing Xin-Xi
87%
Roads Yădakk
87%
Special Forest Magic ∑∫ỹriȱŋ
87%
Farming Zebasi
87%
Special Farming Cymanti
80%
Archery Hoodrick
80%
Smithery Vengir
80%
Strategy Quetzali
73%
Level 2 City Luxidoor
67%
No matching quizzes found
Score Distribution
Percent of People with Each Score
Percentile by Number Answered
Your Score History
You have not taken this quiz